MARC

Tag First Indicator Second Indicator Subfields
LEADER 00000cas a2200000 i 4500
001 in00004811713
008 800408d19802021caubr p 0 a0eng c
005 20240807190851.5
010 |a  80647931   |z sn 80000757  
035 |a (OCoLC)ocm06178827  
040 |a NSD  |b eng  |e rda  |c NSD  |d DLC  |d NST  |d AIP  |d NSD  |d NST  |d DLC  |d MYG  |d OCLCQ  |d DLC  |d OCLCQ  |d IUL  |d OCLCF  |d UV0  |d I8M  |d IUL  |d OCLCQ  |d GILDS  |d OCLCO  |d PAU  |d OCLCQ  |d AU@  |d UX0  |d OCLCQ  |d OCLCO  |d COD  |d UBY  |d ATSAE  |d LND  |d INU  |d LDP  |d UKSSU  |d LDS  |d OCL  |d INU 
012 |a 2  |b 3  |l 1 
019 |a 793924308  |a 854891107  |a 919343378  |a 1002070701  |a 1052688970  |a 1156908854  |a 1200083223 
022 0 |a 0198-1056  |l 0198-1056  |2 1 
029 1 |a AU@  |b 000001930548 
029 1 |a AU@  |b 000066144525 
029 1 |a NZ1  |b 7585390 
029 1 |a ZWZ  |b 059310553 
029 1 |a AU@  |b 000069151144 
029 1 |a AU@  |b 000070261922 
035 |a (OCoLC)06178827  |z (OCoLC)793924308  |z (OCoLC)854891107  |z (OCoLC)919343378  |z (OCoLC)1002070701  |z (OCoLC)1052688970  |z (OCoLC)1156908854  |z (OCoLC)1200083223 
042 |a nsdp  |a pcc 
050 0 0 |a TR858  |b .C45 
082 0 4 |a 778.5/345/05 
049 |a MAIN 
210 0 |a Cinefex 
222 0 |a Cinefex 
245 0 0 |a Cinefex. 
264 1 |a [Riverside, Calif.]  |b [D. Shay] 
264 3 1 |3 <June 2020-> :  |a Encinitas, CA :  |b Gregg Shay 
300 |a numbers  |b illustrations  |c 21 x 23 cm 
310 |a Bimonthly,  |b <April 2017>-2021. 
321 |a Quarterly,  |b 1980- 
336 |a text  |b txt  |2 rdacontent 
337 |a unmediated  |b n  |2 rdamedia 
338 |a volume  |b nc  |2 rdacarrier 
362 0 |a no. 1-1972; Mar. 1980-February 2021. 
500 |a Title from cover. 
515 |a Issues for Aug.-Oct. 2020 not published. 
520 |a "The journal of cinematic illusions." 
588 1 |a 172 (February 2021). 
590 |b TAG Physical Holdings 2 
650 0 |a Cinematography  |x Special effects  |v Periodicals. 
650 0 |a Trick cinematography  |v Periodicals. 
650 0 |a Illusion in motion pictures  |v Periodicals. 
650 7 |a Illusion in motion pictures.  |2 fast  |0 (OCoLC)fst01896163 
650 7 |a Cinematography  |x Special effects.  |2 fast  |0 (OCoLC)fst00861506 
650 7 |a Trick cinematography.  |2 fast  |0 (OCoLC)fst01156633 
650 6 |a Truquage (Cinéma)  |0 (CaQQLa)201-0048629  |v Périodiques.  |0 (CaQQLa)201-0378307 
650 6 |a Cinéma  |0 (CaQQLa)201-0048631  |x Effets spéciaux  |0 (CaQQLa)201-0048631  |v Périodiques.  |0 (CaQQLa)201-0378307 
650 2 |a Motion Pictures  |0 (DNLM)D009040 
655 7 |a Periodicals.  |2 fast  |0 (OCoLC)fst01411641 
655 7 |a Periodicals.  |2 lcgft  |0 http://id.loc.gov/authorities/genreForms/gf2014026139 
700 1 |a Shay, Don.  |0 http://id.loc.gov/authorities/names/n86146101 
700 1 |a Shay, Gregg.  |0 http://id.loc.gov/authorities/names/no2020106427 
776 0 8 |i Online version:  |t Cinefex  |w (OCoLC)679369989 
850 |a CoU  |a DLC  |a DeU  |a IaAS  |a IaU  |a NN  |a RPB  |a TxU  |a UPB 
994 |a 92  |b TAG 
852 |a TAG  |b TAGC  |c galv,sc  |h TR858 .C45 no. 72  |t c.1 
876 |c 8.50  |p 33620001115753  |x Anderson Collection  |x Acc # 2006-0418  |u noncirc  |v unmediated -- volume 
999 f f |s be81baf8-f782-4bb6-88c2-c6d02c130752  |i e44be5ac-40af-43c4-8b48-ccee7ec8804e  |t 0 
952 f f |p noncirc  |a Texas A&M University  |b Galveston Campus  |c Jack K. Williams Library  |d Galveston Special Collections  |t 0  |e TR858 .C45 no. 72  |h Library of Congress classification  |i unmediated -- volume  |m 33620001115753 
998 f f |a TR858 .C45 no. 72  |t 0  |l Galveston Special Collections